|
|
|
|
| LEADER |
01625nam a2200349 a 4500 |
| 001 |
15244144 |
| 003 |
BD-DhAAL |
| 008 |
130204t20132009nju b 001 0 eng d |
| 010 |
|
|
|a 2008926278
|
| 020 |
|
|
|a 9788131726594
|
| 020 |
|
|
|a 9780321356680 (pbk.)
|
| 020 |
|
|
|a 0321356683 (pbk.)
|
| 040 |
|
|
|a UKM
|c UKM
|d TXA
|d DLC
|d BD-DhAAL
|
| 082 |
0 |
4 |
|a 005.133
|2 23
|
| 100 |
1 |
|
|a Bloch, Joshua.
|
| 245 |
1 |
0 |
|a Effective Java /
|c Joshua Bloch.
|
| 250 |
|
|
|a Second edition.
|
| 260 |
|
|
|a Upper Saddle River, NJ :
|b Addison-Wesley ;
|b New Delhi :
|b Pearson,
|c c2009 [Eleventh impression 2013].
|
| 300 |
|
|
|a xxi, 346 pages ;
|c 24 cm.
|
| 490 |
0 |
|
|a The Java series
|
| 500 |
|
|
|a "Revised and updated for Java SE 6"--Cover.
|
| 504 |
|
|
|a Includes bibliographical references and index.
|
| 541 |
1 |
|
|e 00026634
|
| 650 |
|
0 |
|a Java (Computer program language).
|
| 650 |
|
0 |
|a COMPUTERS / Programming / Object Oriented.
|
| 650 |
|
0 |
|a Computer science.
|
| 852 |
1 |
|
|a Ayesha Abed Library
|j General Shelf.
|
| 942 |
0 |
0 |
|0 1
|2 ddc
|c BK
|
| 999 |
|
|
|c 13163
|d 13163
|
| 952 |
|
|
|0 0
|1 0
|2 ddc
|4 0
|6 005_133000000000000_BLO
|7 0
|9 21909
|a BRACUL
|b BRACUL
|c GEN
|d 2013-02-04
|e STS International
|g 1105.00
|l 5
|m 26
|o 005.133 BLO
|p 3010026634
|r 2019-01-31
|s 2019-01-13
|t 1
|w 2013-02-04
|y BK
|
| 952 |
|
|
|0 0
|1 0
|2 ddc
|4 0
|6 005_133000000000000_BLO
|7 0
|9 21910
|a BRACUL
|b BRACUL
|c GEN
|d 2013-02-04
|e STS International
|g 1105.00
|l 6
|m 54
|o 005.133 BLO
|p 3010026635
|r 2024-12-29
|s 2017-12-05
|t 2
|w 2013-02-04
|y BK
|
| 952 |
|
|
|0 0
|1 0
|2 ddc
|4 0
|6 005_133000000000000_BLO
|7 0
|9 21911
|a BRACUL
|b BRACUL
|c GEN
|d 2013-02-04
|e STS International
|g 1105.00
|l 6
|m 39
|o 005.133 BLO
|p 3010026636
|r 2025-08-10
|s 2025-08-03
|t 3
|w 2013-02-04
|y BK
|